000 00558nam a2200181 i 4500
001 19711
003 ES-MaACL
005 20230906152143.0
007 t|
008 021008s1880 sp ||||1| spa d
100 1 _aAbout, Edmond,
_d1828-1885
_918117
245 1 0 _aGermana /
_cnovela escrita en francés por Edmond About ; traducción... por Antero de Oteiza y Barinaga.
260 _aMadrid :
_bEl Liberal,
_c1880.
300 _a28 p. ;
_c17 cm.
700 1 _aOteyza y Barinaga, Antero de.
_9130741
852 4 _aES-MaACL
_jD-1627
999 _c19711
_d19711